Online Catalogue and eLibrary

The Age of Iron and the Religious Revolution c.700 - c.350 BC (Record no. 5721)

MARC details
000 -LEADER
fixed length control field 00510nam a2200205Ia 4500
005 - DATE AND TIME OF LATEST TRANSACTION
control field 20250115055531.0
008 - FIXED-LENGTH DATA ELEMENTS--GENERAL INFORMATION
fixed length control field 240331s9999 xx 000 0 und d
020 ## - INTERNATIONAL STANDARD BOOK NUMBER
ISBN 9788189487874
082 ## - DDC Classification
Item Number - Author Mark SHR
Class No. 934
100 ## - MAIN ENTRY--PERSONAL NAME
Personal name Shrimali,K.M
245 #4 - TITLE STATEMENT
Title The Age of Iron and the Religious Revolution c.700 - c.350 BC
250 ## - EDITION STATEMENT
Edition statement 4th
260 ## - PUBLICATION, DISTRIBUTION, ETC.
Place of publication, distribution, etc. New Delhi
Name of publisher, distributor, etc. Tulika books
Date of publication, distribution, etc. 2011
300 ## - PHYSICAL DESCRIPTION
Extent (e.g. Volumes, Pages etc.) Xiii, 160 p .,
650 ## - SUBJECT ADDED ENTRY--TOPICAL TERM
Topical term or geographic name entry element History
650 ## - SUBJECT ADDED ENTRY--TOPICAL TERM
Topical term or geographic name entry element Religion
650 ## - SUBJECT ADDED ENTRY--TOPICAL TERM
Topical term or geographic name entry element Economy
650 ## - SUBJECT ADDED ENTRY--TOPICAL TERM
Topical term or geographic name entry element Society
942 ## - Koha item type (Biblio)
Koha item type Books in Stacks (Lending)
Holdings
Lost status Damaged status Collection code Home library Current library Shelving location Date acquired Full call number Accession Number Item type
    Lending WERC Library WERC Library Social Science Cupboard 03/31/2024 934.02 SHR 6656 Books in Stacks (Lending)

© WERC Library